Normal view
MARC view
Entry Personal Name
001 - CONTROL NUMBER
- control field: 10061
003 - CONTROL NUMBER IDENTIFIER
- control field: NUST
005 - DATE AND TIME OF LATEST TRANSACTION
- control field: 20180301095414.0
008 - FIXED-LENGTH DATA ELEMENTS
- fixed length control field: 180301|| aca||aabn | a|a d
040 ## - CATALOGING SOURCE
- Original cataloging agency: NUST
- Transcribing agency: NUST
100 ## - HEADING--PERSONAL NAME
- Personal name:
- Numeration: Muhammad Sarmad Hafeez
670 ## - SOURCE DATA FOUND
- Source citation: Work cat.: (NUST): Muhammad Sarmad Hafeez, Activity detection on the apple IOS Smartphone, 2017
